000
00314nam a22001457a 4500
008
211012b ||||| |||| 00| 0 eng d
020
_a
9781307055658
041
_a
eng
080
_a
330
082
_a
330
100
_a
52
101
_a
EKO
245
_a
Principles of Economics
_c
Roussel,Ch
942
_2
udc
_c
BK
999
_c
58166
_d
58166